00864cam a2200229 a 450000100100000000500170001000800410002704000180006808200170008610000560010324500990015926000290025830000280028749000280031565000280034365000310037170000290040283000340043191000340046595201200049999900150061900000213720200929145839.0990603s1969 sp a 001|f spa  aDO-SdBNPcDLC a863.4bB844m1 aBretón de los Herreros, Manuel,d1796-1873.9684810aMarcela o, ¿a cuál de los tres? /cManuel Bretón de los Herreros; edición José Hesse. aMadrid :bTaurus,c1969. a171 p. :bil. ;c20 cm.1 aTemas de España ;v74 4aNovela española91123 4aLiteratura española96321 aHesse, Joséeed.96736 0aTemas de España ;v7496849 aCatalogación por copia / LC 001052708MOaGRbGRcCTd2009-07-03iLF1l0o863.4 B844mp2137-10r2020-06-25w2020-06-25y2ZPréstamo interno c1989d1989